| 000 | 00751cam a2200253Ia 4500 | ||
|---|---|---|---|
| 999 |
_c6716 _d6716 |
||
| 001 | 26908129 | ||
| 003 | OCoLC | ||
| 005 | 20190119122651.0 | ||
| 008 | 921103s1992 oku 000 0 eng d | ||
| 010 | _a 93187729 | ||
| 020 | _a0892748982 | ||
| 020 | _a9780892748983 | ||
| 035 | _a(OCoLC)26908129 | ||
| 040 |
_aTAW _beng _cTAW _dDLC _dOCLCQ _dBTCTA _dBAKER _dYDXCP _dCIRBC |
||
| 050 | 0 | 0 |
_aBS680.C47 _bA93 1992 |
| 082 | 0 | 4 |
_a248.4 _220 _bA946I |
| 092 |
_a248.4 _bA946 |
||
| 100 | 1 | _aAvanzini, John F. | |
| 245 | 1 | 0 |
_aIt's not working, Brother John : _b25 things that close the windows of Heaven / _cby John Avanzini. |
| 260 |
_aTulsa, Okla. : _bHarrison House, _cc1992. |
||
| 300 |
_a217 p. ; _c21 cm. |
||
| 650 | 0 | _aChristian life. | |
| 942 |
_2ddc _cBK |
||